[Event "M.Chigorin Memorial"]
[Site "St. Petersburg RUS"]
[Date "2009.10.20"]
[Round "5.129"]
[White "Tzouvelekis, Ioannis"]
[Black "Stroganov, Anatoly"]
[Result "1/2-1/2"]
[WhiteElo "1926"]
[BlackElo "1890"]
[PlyCount "38"]
[EventDate "2009.??.??"]

1. e4 d6 2. d4 Nf6 3. Nc3 g6 4. f3 Bg7 5. Be3 c6 6. Qd2 e6 7. O-O-O b5 8. e5
Nd5 9. Nxd5 exd5 10. exd6 Qxd6 11. Bf4 Qd8 12. Re1+ Be6 13. Nh3 O-O 14. Ng5 Bc8
15. g4 a5 16. Bd3 Ra7 17. Bxb8 Rb7 18. Bf4 Bf6 19. h4 h6 {Çàïèñü íåðàçáîð~~èâà}
1/2-1/2

[Event "M.Chigorin Memorial"]
[Site "St. Petersburg RUS"]
[Date "2009.10.20"]
[Round "5.130"]
[White "Tropin, Nikolay"]
[Black "Jarvinen, Seppo"]
[Result "0-1"]
[WhiteElo "1798"]
[BlackElo "1907"]
[PlyCount "32"]
[EventDate "2009.??.??"]

1. e4 e5 2. Nf3 Nf6 3. Nxe5 d6 4. Nf3 Nxe4 5. d4 d5 6. Bd3 Be7 7. O-O O-O 8.
Re1 f5 9. Bf4 Bd6 10. Be5 Nc6 11. c3 Nxe5 12. Nxe5 Bxe5 13. dxe5 c6 14. Nd2 Be6
15. f4 Qb6+ 16. Kh1 Nf2+ 0-1

[Event "M.Chigorin Memorial"]
[Site "St. Petersburg RUS"]
[Date "2009.10.21"]
[Round "6.1"]
[White "Fedorov, Alexei"]
[Black "Kazhgaleyev, Murtas"]
[Result "1/2-1/2"]
[WhiteElo "2600"]
[BlackElo "2643"]
[PlyCount "33"]
[EventDate "2009.??.??"]

1. e4 e5 2. Nf3 Nc6 3. Bb5 a6 4. Ba4 Nf6 5. O-O Be7 6. Re1 b5 7. Bb3 d6 8. c3
O-O 9. h3 Nb8 10. d4 Nbd7 11. Nbd2 Bb7 12. Bc2 Re8 13. Nf1 Bf8 14. Ng3 g6 15.
Bg5 h6 16. Bd2 Bg7 17. a4 1/2-1/2

[Event "M.Chigorin Memorial"]
[Site "St. Petersburg RUS"]
[Date "2009.10.21"]
[Round "6.2"]
[White "Kurnosov, Igor"]
[Black "Epishin, Vladimir"]
[Result "1/2-1/2"]
[WhiteElo "2669"]
[BlackElo "2590"]
[PlyCount "74"]
[EventDate "2009.??.??"]

1. e4 c6 2. d4 d5 3. e5 Bf5 4. Nd2 e6 5. Nb3 Nd7 6. Nf3 Bg6 7. Be2 Be7 8. O-O
h5 9. Ne1 h4 10. Nd3 Nh6 11. Nf4 Bf5 12. Nh5 g6 13. Ng7+ Kf8 14. Nxf5 Nxf5 15.
c3 c5 16. Bf4 Rc8 17. Bg4 Kg7 18. Qd2 cxd4 19. cxd4 Nb6 20. Na5 Qd7 21. Bxf5
gxf5 22. Bg5 Qd8 23. Bxe7 Qxe7 24. Rac1 Rxc1 25. Rxc1 Rc8 26. Rxc8 Nxc8 27. h3
Nb6 28. Qc1 Kg8 29. b3 Kh7 30. Qc5 Qg5 31. Qc3 Qe7 32. Qc5 Qg5 33. Qc3 Qe7 34.
a4 Kg6 35. Kh2 f6 36. Qe3 Qc7 37. f4 Nd7 1/2-1/2

[Event "M.Chigorin Memorial"]
[Site "St. Petersburg RUS"]
[Date "2009.10.21"]
[Round "6.5"]
[White "Zhou, Weiqi"]
[Black "Kobalia, Mikhail"]
[Result "1/2-1/2"]
[WhiteElo "2593"]
[BlackElo "2648"]
[PlyCount "68"]
[EventDate "2009.??.??"]

1. d4 d5 2. c4 c6 3. Nc3 Nf6 4. e3 e6 5. Nf3 a6 6. c5 Nbd7 7. b4 g6 8. Bd3 Bg7
9. O-O O-O 10. Na4 Qc7 11. Bb2 Ne8 12. Re1 e5 13. dxe5 Nxe5 14. Nxe5 Bxe5 15.
Bxe5 Qxe5 16. Nb6 Rb8 17. e4 dxe4 18. Rxe4 Qf6 19. Qe1 Nc7 20. Rd1 Bf5 21. Re3
Be6 22. Bc4 Bxc4 23. Nxc4 Nd5 24. Re5 Rfd8 25. a3 b6 26. cxb6 Nxb6 27. Rxd8+
Rxd8 28. Nb2 Na4 29. Re8+ Rxe8 30. Qxe8+ Kg7 31. Nd3 Qa1+ 32. Qe1 Qxe1+ 33.
Nxe1 Kf6 34. Kf1 c5 1/2-1/2

[Event "M.Chigorin Memorial"]
[Site "St. Petersburg RUS"]
[Date "2009.10.21"]
[Round "6.6"]
[White "Amonatov, Farrukh"]
[Black "Malakhatko, Vadim"]
[Result "1-0"]
[WhiteElo "2643"]
[BlackElo "2569"]
[PlyCount "77"]
[EventDate "2009.??.??"]

1. e4 c6 2. d4 d5 3. e5 Bf5 4. Nf3 e6 5. Be2 Nd7 6. O-O Bg6 7. c3 Ne7 8. Nh4 c5
9. Nd2 cxd4 10. cxd4 Nc6 11. Nxg6 hxg6 12. Nf3 Be7 13. Be3 Nb6 14. b3 O-O 15.
g3 a5 16. a4 Rc8 17. Rc1 Rc7 18. h4 Qb8 19. Ng5 Nb4 20. h5 Rxc1 21. Bxc1 Qd8
22. Nh3 gxh5 23. Bxh5 Qc7 24. Qg4 Qc2 25. Bh6 Qh7 26. Bg5 Nc6 27. Be3 Qe4 28.
Qd1 Rc8 29. Bf3 Qf5 30. Bg4 Qe4 31. Nf4 Nd8 32. Qe2 Rc6 33. Bf3 Qf5 34. Kg2 Bb4
35. Nd3 Be7 36. Qd2 Nd7 37. Rh1 Qg6 38. Rh3 f6 39. Bh5 1-0

[Event "M.Chigorin Memorial"]
[Site "St. Petersburg RUS"]
[Date "2009.10.21"]
[Round "6.7"]
[White "Romanov, Evgeny"]
[Black "Savchenko, Boris"]
[Result "1/2-1/2"]
[WhiteElo "2588"]
[BlackElo "2638"]
[PlyCount "54"]
[EventDate "2009.??.??"]

1. Nf3 c5 2. c4 Nf6 3. g3 b6 4. Bg2 Bb7 5. O-O e6 6. Nc3 Be7 7. d4 cxd4 8. Qxd4
O-O 9. Rd1 d6 10. b3 Qc8 11. Ba3 Nc6 12. Qf4 d5 13. Bxe7 Nxe7 14. Ne5 dxc4 15.
Bxb7 Qxb7 16. Nxc4 Rad8 17. Rxd8 Rxd8 18. Rd1 Rxd1+ 19. Nxd1 Ned5 20. Qd4 Qc7
21. e4 Nb4 22. Nc3 Qd7 23. Qd6 Qxd6 24. Nxd6 Nd7 25. Kf1 Kf8 26. Ke2 a6 27. Nc4
Ke7 1/2-1/2

[Event "M.Chigorin Memorial"]
[Site "St. Petersburg RUS"]
[Date "2009.10.21"]
[Round "6.8"]
[White "Volkov, Sergey"]
[Black "Rychagov, Andrey"]
[Result "1-0"]
[WhiteElo "2616"]
[BlackElo "2552"]
[PlyCount "117"]
[EventDate "2009.??.??"]

1. d4 d5 2. c4 c6 3. Nf3 Nf6 4. e3 Bg4 5. Nc3 e6 6. Qb3 Qb6 7. Nh4 Be7 8. h3
Bh5 9. g4 Bg6 10. Nxg6 hxg6 11. Bg2 g5 12. c5 Qc7 13. e4 b6 14. cxb6 axb6 15.
Bxg5 Nxe4 16. Nxe4 dxe4 17. Bxe7 Kxe7 18. Bxe4 Rd8 19. Rd1 Qf4 20. Bg2 b5 21.
O-O Ra4 22. Rd3 Raxd4 23. Qa3+ Ke8 24. Rxd4 Qxd4 25. b3 Qd6 26. Qb2 Kf8 27. a4
Na6 28. Bf3 Nb4 29. Qa3 Nc2 30. Qxd6+ Rxd6 31. Kg2 Ke7 32. a5 Nb4 33. h4 f6 34.
Be4 e5 35. Kg3 Kd7 36. f4 exf4+ 37. Kxf4 Nd5+ 38. Kf3 Nb4 39. Re1 Rd2 40. Bf5+
Kd8 41. Bg6 Rb2 42. Re8+ Kd7 43. Rg8 Rxb3+ 44. Kf2 Rb2+ 45. Kg1 Kd6 46. Rxg7
Ra2 47. h5 Ra1+ 48. Kh2 Ra2+ 49. Kg3 Ra3+ 50. Kh4 Nd5 51. h6 Nf4 52. g5 fxg5+
53. Kg4 Nd5 54. Kxg5 Rg3+ 55. Kh4 Rg1 56. Be4 Rxg7 57. hxg7 Ne7 58. Kg5 b4 59.
Bc2 1-0

[Event "M.Chigorin Memorial"]
[Site "St. Petersburg RUS"]
[Date "2009.10.21"]
[Round "6.9"]
[White "Maletin, Pavel"]
[Black "Negi, Parimarjan"]
[Result "1/2-1/2"]
[WhiteElo "2576"]
[BlackElo "2615"]
[PlyCount "88"]
[EventDate "2009.??.??"]

1. d4 Nf6 2. c4 g6 3. Nf3 Bg7 4. g3 d5 5. cxd5 Nxd5 6. Bg2 Nb6 7. Nc3 Nc6 8. e3
O-O 9. O-O Re8 10. Re1 Bd7 11. b3 e5 12. Nxe5 Nxe5 13. dxe5 Bxe5 14. Bb2 c6 15.
f4 Bg7 16. e4 Nc4 17. bxc4 Qb6+ 18. Kh1 Qxb2 19. Rb1 Qxc3 20. Qxd7 b6 21. Qxc6
Rac8 22. Qa4 Qxc4 23. Qxa7 Bc3 24. Rec1 Ra8 25. Qxb6 Rxa2 26. Qe3 Rc8 27. Bf1
Qc5 28. Qxc5 Rxc5 29. Rb3 Bd4 30. Rxc5 Bxc5 31. Bc4 Rc2 32. Bd5 Be7 33. Rb7 Kf8
34. Rb8+ Kg7 35. Rb7 Kf8 36. g4 Rf2 37. f5 gxf5 38. exf5 h5 39. h3 hxg4 40.
hxg4 Rd2 41. Bb3 Rb2 42. g5 Bxg5 43. Rxf7+ Ke8 44. Be6 Rf2 1/2-1/2

[Event "M.Chigorin Memorial"]
[Site "St. Petersburg RUS"]
[Date "2009.10.21"]
[Round "6.10"]
[White "Chadaev, Nikolai"]
[Black "Vorobiov, Evgeny E"]
[Result "1/2-1/2"]
[WhiteElo "2561"]
[BlackElo "2606"]
[PlyCount "26"]
[EventDate "2009.??.??"]

1. Nf3 d5 2. c4 dxc4 3. Qa4+ Nd7 4. Qxc4 e5 5. Nc3 Bd6 6. g3 Ngf6 7. Bg2 c6 8.
O-O O-O 9. d3 Qe7 10. Rb1 h6 11. b4 Nb6 12. Qb3 Nbd5 13. a3 Nxc3 1/2-1/2

[Event "M.Chigorin Memorial"]
[Site "St. Petersburg RUS"]
[Date "2009.10.21"]
[Round "6.11"]
[White "Evdokimov, Alexander A"]
[Black "Burmakin, Vladimir"]
[Result "1/2-1/2"]
[WhiteElo "2556"]
[BlackElo "2599"]
[PlyCount "32"]
[EventDate "2009.??.??"]

1. d4 d5 2. c4 c6 3. Nf3 Nf6 4. Nc3 a6 5. e3 b5 6. c5 g6 7. Bd3 a5 8. a3 Bg7 9.
Ne5 O-O 10. O-O Be6 11. Bd2 Nfd7 12. Nxd7 Qxd7 13. Qc2 Bf5 14. Bxf5 Qxf5 15.
Qxf5 gxf5 16. b4 a4 1/2-1/2

[Event "M.Chigorin Memorial"]
[Site "St. Petersburg RUS"]
[Date "2009.10.21"]
[Round "6.12"]
[White "Yudin, Sergei"]
[Black "Wen, Yang"]
[Result "1/2-1/2"]
[WhiteElo "2599"]
[BlackElo "2538"]
[PlyCount "43"]
[EventDate "2009.??.??"]

1. d4 d5 2. c4 dxc4 3. e4 e5 4. Nf3 exd4 5. Bxc4 Nc6 6. O-O Be6 7. Bb5 Bc5 8.
b4 Bb6 9. a4 a6 10. Bxc6+ bxc6 11. a5 Ba7 12. Bb2 Nf6 13. Bxd4 Nxe4 14. Bxa7
Qxd1 15. Rxd1 Rxa7 16. Ne5 Rb7 17. Nxc6 Nd6 18. Nc3 Kd7 19. Ne5+ Kc8 20. Nc6
Kd7 21. Ne5+ Kc8 22. Nc6 1/2-1/2

[Event "M.Chigorin Memorial"]
[Site "St. Petersburg RUS"]
[Date "2009.10.21"]
[Round "6.13"]
[White "Popov, Valerij"]
[Black "Shimanov, Aleksandr"]
[Result "1/2-1/2"]
[WhiteElo "2595"]
[BlackElo "2508"]
[PlyCount "22"]
[EventDate "2009.??.??"]

1. c4 c6 2. d4 d5 3. Nf3 Nf6 4. Nc3 a6 5. a4 e6 6. g3 dxc4 7. Bg2 c5 8. dxc5
Qxd1+ 9. Nxd1 Bd7 10. Ne3 Bc6 11. Nxc4 Bxc5 1/2-1/2

[Event "M.Chigorin Memorial"]
[Site "St. Petersburg RUS"]
[Date "2009.10.21"]
[Round "6.14"]
[White "Bellaiche, Anthony"]
[Black "Azarov, Sergei"]
[Result "1/2-1/2"]
[WhiteElo "2435"]
[BlackElo "2625"]
[PlyCount "54"]
[EventDate "2009.??.??"]

1. d4 Nf6 2. c4 e6 3. Nf3 b6 4. g3 Ba6 5. Qc2 Bb4+ 6. Bd2 Be7 7. Bg2 O-O 8. O-O
c6 9. Rd1 d5 10. b3 Nbd7 11. Bf4 Rc8 12. Nc3 dxc4 13. Nd2 Nd5 14. bxc4 Nxf4 15.
gxf4 b5 16. Nce4 Qc7 17. e3 bxc4 18. Nxc4 c5 19. Qa4 Bxc4 20. Qxc4 Nb6 21. Qb5
cxd4 22. Rxd4 g6 23. Rad1 Nd5 24. Qa6 Qb6 25. Qxb6 axb6 26. Bf1 Rc2 27. Bc4 Nc3
1/2-1/2

[Event "M.Chigorin Memorial"]
[Site "St. Petersburg RUS"]
[Date "2009.10.21"]
[Round "6.15"]
[White "Ionov, Sergey"]
[Black "Harikrishna, P."]
[Result "0-1"]
[WhiteElo "2554"]
[BlackElo "2673"]
[PlyCount "56"]
[EventDate "2009.??.??"]

1. d4 g6 2. e4 Bg7 3. c3 d6 4. Nf3 Nf6 5. Bd3 O-O 6. O-O Nbd7 7. Re1 e5 8. Nbd2
Re8 9. Bc2 a6 10. a4 b6 11. d5 Bb7 12. Nc4 h6 13. b4 Bf8 14. Rb1 Rc8 15. Na3 c6
16. c4 Qc7 17. Bd2 b5 18. axb5 axb5 19. dxc6 Bxc6 20. cxb5 Bb7 21. Rb3 Qb8 22.
Bb1 Qa8 23. Qe2 d5 24. exd5 Bxd5 25. Re3 Ng4 26. Re4 Ndf6 27. Nxe5 Nxe4 28.
Nxg4 Bg7 0-1

[Event "M.Chigorin Memorial"]
[Site "St. Petersburg RUS"]
[Date "2009.10.21"]
[Round "6.16"]
[White "Andriasian, Zaven"]
[Black "Zherebukh, Yaroslav"]
[Result "1/2-1/2"]
[WhiteElo "2612"]
[BlackElo "2544"]
[PlyCount "67"]
[EventDate "2009.??.??"]

1. e4 c5 2. Nf3 d6 3. d4 cxd4 4. Nxd4 Nf6 5. Nc3 a6 6. Be3 e5 7. Nf3 Qc7 8. a4
b6 9. Be2 Nbd7 10. O-O Be7 11. Nh4 g6 12. Bh6 Bb7 13. Bd3 Bf8 14. Qd2 Bxh6 15.
Qxh6 O-O-O 16. Ra3 Kb8 17. b4 d5 18. Nxd5 Nxd5 19. exd5 Qd6 20. c4 Qxb4 21. Ra2
Qb3 22. Rd2 Qxa4 23. Rb1 Qa3 24. Bf1 Rc8 25. Nf3 f6 26. Rdb2 Qf8 27. Qh3 Qd6
28. Nd2 f5 29. Nb3 h5 30. c5 Rxc5 31. Nxc5 Qxc5 32. Qg3 Qd6 33. Ra1 Rc8 34. Qe3
1/2-1/2

[Event "M.Chigorin Memorial"]
[Site "St. Petersburg RUS"]
[Date "2009.10.21"]
[Round "6.17"]
[White "Vysochin, Spartak"]
[Black "Lysyj, Igor"]
[Result "1/2-1/2"]
[WhiteElo "2550"]
[BlackElo "2612"]
[PlyCount "40"]
[EventDate "2009.??.??"]

1. e4 e6 2. d4 d5 3. Nd2 c5 4. Ngf3 cxd4 5. Nxd4 Nf6 6. exd5 Qxd5 7. N2f3 a6 8.
Bd3 Nbd7 9. O-O Bc5 10. c4 Qd6 11. Nb3 Ba7 12. Qe2 O-O 13. Bg5 Qc7 14. Bh4 Re8
15. Rfe1 Bb8 16. Rad1 b6 17. Bg3 Qa7 18. Ne5 Nxe5 19. Bxe5 Bxe5 20. Qxe5 Qb8
1/2-1/2

[Event "M.Chigorin Memorial"]
[Site "St. Petersburg RUS"]
[Date "2009.10.21"]
[Round "6.18"]
[White "Sandipan, Chanda"]
[Black "Yevseev, Denis"]
[Result "1-0"]
[WhiteElo "2611"]
[BlackElo "2541"]
[PlyCount "111"]
[EventDate "2009.??.??"]

1. d4 d5 2. c4 e6 3. Nc3 c6 4. e3 Nf6 5. Nf3 Nbd7 6. Qc2 Bd6 7. b3 O-O 8. Be2
a6 9. e4 dxe4 10. Nxe4 Nxe4 11. Qxe4 e5 12. Bg5 Qa5+ 13. Kf1 f5 14. Qh4 c5 15.
dxc5 Nxc5 16. Rd1 Ne4 17. Be7 Bxe7 18. Qxe7 Nc3 19. Rd2 Nxe2 20. Kxe2 e4 21.
Ne5 f4 22. b4 Qb6 23. Qd6 f3+ 24. gxf3 exf3+ 25. Kd1 Qxd6 26. Rxd6 Bh3 27. Re1
Rae8 28. c5 Rf4 29. a3 Bf5 30. Kd2 h6 31. Re3 Rf8 32. Rxf3 Rxf3 33. Nxf3 Bg4
34. Ne5 Rxf2+ 35. Ke3 Re2+ 36. Kd4 Bh3 37. Rb6 Bg2 38. Nc4 Re4+ 39. Kc3 Rh4 40.
Nd6 Rxh2 41. Nxb7 Rh3+ 42. Kb2 Rh2 43. Kc3 Rh3+ 44. Kd4 Rxa3 45. c6 h5 46. c7
Bh3 47. Nc5 Ra1 48. Re6 Bxe6 49. Nxe6 Rd1+ 50. Ke5 Rc1 51. Nc5 Re1+ 52. Kf4 Re8
53. Nxa6 Kf7 54. b5 Kf6 55. b6 g5+ 56. Kf3 1-0

[Event "M.Chigorin Memorial"]
[Site "St. Petersburg RUS"]
[Date "2009.10.21"]
[Round "6.19"]
[White "Zontakh, Andrey"]
[Black "Bocharov, Dmitry"]
[Result "1-0"]
[WhiteElo "2540"]
[BlackElo "2607"]
[PlyCount "69"]
[EventDate "2009.??.??"]

1. d4 Nf6 2. c4 e6 3. g3 c5 4. Nf3 cxd4 5. Nxd4 Qc7 6. Nd2 Nc6 7. Nb5 Qb8 8.
Bg2 a6 9. Nc3 Be7 10. Nde4 Nxe4 11. Nxe4 f5 12. Nc3 O-O 13. Bf4 d6 14. Qd2 Ne5
15. b3 Ng6 16. Bg5 Bxg5 17. Qxg5 Bd7 18. O-O Bc6 19. Qe3 Rf6 20. f4 Qc7 21.
Rac1 Re8 22. Qd3 Rf7 23. e4 Nf8 24. Rcd1 Rd8 25. exf5 Rxf5 26. Nd5 Qd7 27. Ne3
Bxg2 28. Kxg2 Ra5 29. Rf2 Rc5 30. b4 Rc7 31. f5 Re8 32. fxe6 Qxe6 33. Nf5 Rxc4
34. Nxd6 Rd8 35. Qb3 1-0

[Event "M.Chigorin Memorial"]
[Site "St. Petersburg RUS"]
[Date "2009.10.21"]
[Round "6.20"]
[White "Iordachescu, Viorel"]
[Black "Zinchenko, Yaroslav"]
[Result "1-0"]
[WhiteElo "2607"]
[BlackElo "2539"]
[PlyCount "81"]
[EventDate "2009.??.??"]

1. e4 c5 2. Nf3 Nc6 3. Bb5 e6 4. c3 Nge7 5. d4 cxd4 6. cxd4 d5 7. Nc3 dxe4 8.
Nxe4 a6 9. Bf4 Qa5+ 10. Bd2 Qc7 11. Ba4 Nf5 12. Rc1 Bd7 13. O-O Be7 14. g4 Nd6
15. Bf4 Rd8 16. Re1 O-O 17. d5 exd5 18. Nc3 Be6 19. Nxd5 Bxd5 20. Qxd5 Qc8 21.
Qh5 Bf6 22. Ng5 Bxg5 23. Bxg5 Rd7 24. Bc2 g6 25. Qh6 Rc7 26. h3 f6 27. Bb3+ Kh8
28. Rcd1 Nb5 29. Be6 Qa8 30. Be3 Ne5 31. Qf4 Re7 32. Bd5 Nc7 33. Bg2 Ne6 34.
Qb4 Rfe8 35. f4 Nc6 36. Qc3 Rf7 37. Bd5 Rff8 38. g5 Kg7 39. gxf6+ Kf7 40. Bc5
Qc8 41. Be7 1-0

[Event "M.Chigorin Memorial"]
[Site "St. Petersburg RUS"]
[Date "2009.10.21"]
[Round "6.21"]
[White "Khairullin, Ildar"]
[Black "Makarov, Marat"]
[Result "1/2-1/2"]
[WhiteElo "2604"]
[BlackElo "2505"]
[PlyCount "31"]
[EventDate "2009.??.??"]

1. c4 c6 2. e4 d5 3. exd5 cxd5 4. d4 Nf6 5. Nc3 g6 6. Qb3 Bg7 7. cxd5 O-O 8.
Nge2 Na6 9. Nf4 Nc7 10. Be2 b5 11. a4 b4 12. Qxb4 g5 13. Nd3 Ncxd5 14. Qb3 Be6
15. Nc5 Nf4 16. Nxe6 1/2-1/2

[Event "M.Chigorin Memorial"]
[Site "St. Petersburg RUS"]
[Date "2009.10.21"]
[Round "6.22"]
[White "Turov, Maxim"]
[Black "Gabrielian, Artur"]
[Result "1/2-1/2"]
[WhiteElo "2595"]
[BlackElo "2513"]
[PlyCount "109"]
[EventDate "2009.??.??"]

1. d4 d5 2. c4 c6 3. Nc3 Nf6 4. Nf3 a6 5. e3 b5 6. c5 Nbd7 7. b4 a5 8. bxa5
Qxa5 9. Bd2 b4 10. Nb1 Ne4 11. a3 Nxd2 12. Nfxd2 e5 13. Nb3 Qa4 14. Bd3 bxa3
15. Rxa3 Qb4+ 16. Qd2 Qb8 17. Rxa8 Qxa8 18. Qa5 Qb7 19. Qa4 Be7 20. Na5 Qa8 21.
Nc3 Bxc5 22. Nxc6 Qxa4 23. Nxa4 exd4 24. Nxd4 Bxd4 25. exd4 Nf6 26. Kd2 Be6 27.
Nc5 Ke7 28. Ra1 Rb8 29. Ra7+ Kf8 30. Kc3 Rb6 31. f3 g5 32. Ra8+ Kg7 33. Ra6
Rxa6 34. Nxa6 h5 35. Kb4 h4 36. Kc5 Nh5 37. Bf1 Nf4 38. Nb4 Bc8 39. Kd6 Be6 40.
Nd3 Ng6 41. g3 hxg3 42. hxg3 Kf6 43. Nb4 Ne7 44. g4 Nc8+ 45. Kc5 Ke7 46. Bb5
Nd6 47. Bc6 f5 48. gxf5 Nxf5 49. Bxd5 g4 50. fxg4 Nxd4 51. g5 Bxd5 52. Nxd5+
Kf7 53. Kxd4 Kg6 54. Ke5 Kxg5 55. Nf4 1/2-1/2

[Event "M.Chigorin Memorial"]
[Site "St. Petersburg RUS"]
[Date "2009.10.21"]
[Round "6.23"]
[White "Abergel, Thal"]
[Black "Safarli, Eltaj"]
[Result "1/2-1/2"]
[WhiteElo "2532"]
[BlackElo "2587"]
[PlyCount "23"]
[EventDate "2009.??.??"]

1. e4 c5 2. Nf3 Nc6 3. Nc3 e6 4. d4 cxd4 5. Nxd4 Nf6 6. Nxc6 bxc6 7. e5 Nd5 8.
Ne4 Bb7 9. c4 Nb4 10. c5 Qb8 11. f4 Ba6 12. a3 1/2-1/2

[Event "M.Chigorin Memorial"]
[Site "St. Petersburg RUS"]
[Date "2009.10.21"]
[Round "6.24"]
[White "Romanenko, Vladimir"]
[Black "Sjugirov, Sanan"]
[Result "0-1"]
[WhiteElo "2505"]
[BlackElo "2585"]
[PlyCount "110"]
[EventDate "2009.??.??"]

1. Nf3 Nf6 2. g3 g6 3. Bg2 Bg7 4. O-O O-O 5. c4 d6 6. Nc3 Nc6 7. d3 e5 8. Rb1
a5 9. a3 h6 10. b4 axb4 11. axb4 Nd7 12. Nd5 Ne7 13. Qc2 f5 14. Bb2 g5 15.
Nxe7+ Qxe7 16. Nd2 Nf6 17. Ra1 Rb8 18. Ra7 f4 19. Ne4 Nxe4 20. Bxe4 Bh3 21.
Rfa1 Qf6 22. f3 g4 23. Rxb7 Rxb7 24. Bxb7 fxg3 25. hxg3 h5 26. Qc3 h4 27. Qe1
Bh6 28. Bc1 Bxc1 29. Rxc1 Kh8 30. Bd5 Qg5 31. gxh4 Qe3+ 32. Kh1 g3 33. c5 Qf2
34. Qg1 Rf4 35. Be6 Bxe6 36. Qxf2 gxf2 37. Kg2 Rxh4 38. Kxf2 Rxb4 39. cxd6 cxd6
40. e4 Rb6 41. Rc7 Ba2 42. Ke3 Bb1 43. Rc3 Kg7 44. d4 Kf6 45. f4 exd4+ 46. Kxd4
Ke6 47. Rc1 Ba2 48. Rh1 Rb4+ 49. Kd3 Kd7 50. Rh7+ Kc6 51. Re7 Bb1+ 52. Ke3 Rb3+
53. Kd4 Rd3+ 54. Kc4 Rf3 55. f5 Bxe4 0-1

[Event "M.Chigorin Memorial"]
[Site "St. Petersburg RUS"]
[Date "2009.10.21"]
[Round "6.25"]
[White "Shinkevich, Vitaly"]
[Black "Yakovich, Yuri"]
[Result "1/2-1/2"]
[WhiteElo "2496"]
[BlackElo "2576"]
[PlyCount "97"]
[EventDate "2009.??.??"]

1. d4 Nf6 2. c4 e6 3. Nf3 c5 4. d5 d6 5. Nc3 exd5 6. cxd5 g6 7. e4 a6 8. h3 b5
9. Bd3 Bg7 10. O-O O-O 11. a3 Nbd7 12. Bf4 Qb6 13. Qd2 Re8 14. Rfe1 Bb7 15. Re2
c4 16. Bc2 Nc5 17. Rae1 Nfd7 18. Be3 a5 19. Bd4 Ne5 20. Nxe5 dxe5 21. Be3 Ba6
22. d6 Red8 23. Rd1 Bb7 24. d7 Qc6 25. Qd5 Qxd5 26. exd5 Nb3 27. Bxb3 cxb3 28.
Ne4 Rxd7 29. Red2 Rb8 30. Ba7 Rbd8 31. Bb6 Rc8 32. Nc5 Rd6 33. Nxb7 Rxb6 34.
Nxa5 Rd6 35. Nxb3 Kf8 36. Na5 Ke8 37. Rd3 e4 38. Re3 f5 39. b4 Rcd8 40. Ree1
Rxd5 41. Rxd5 Rxd5 42. f3 Bc3 43. fxe4 Rd3 44. Re2 Rd1+ 45. Kf2 Bd4+ 46. Kg3
Be5+ 47. Kh4 Bf6+ 48. Kg3 Be5+ 49. Kh4 1/2-1/2

[Event "M.Chigorin Memorial"]
[Site "St. Petersburg RUS"]
[Date "2009.10.21"]
[Round "6.26"]
[White "Matlakov, Maxim"]
[Black "Vokarev, Sergey"]
[Result "1/2-1/2"]
[WhiteElo "2574"]
[BlackElo "2505"]
[PlyCount "165"]
[EventDate "2009.??.??"]

1. d4 Nf6 2. c4 g6 3. Nc3 d5 4. cxd5 Nxd5 5. e4 Nxc3 6. bxc3 Bg7 7. Bc4 c5 8.
Ne2 Nc6 9. Be3 O-O 10. O-O Bd7 11. Rb1 Qc7 12. Bd3 a6 13. a4 Rac8 14. Bf4 e5
15. Bg3 Na5 16. h3 Rfe8 17. d5 c4 18. Bc2 b5 19. axb5 Bxb5 20. Nd4 Bd7 21. Ba4
Qa7 22. Bxd7 Qxd7 23. Nc2 Nb3 24. Ne3 a5 25. Nxc4 Rxc4 26. Qxb3 Rxe4 27. c4 Bf8
28. Rfc1 a4 29. Qa2 Rd4 30. f3 e4 31. fxe4 Rdxe4 32. Bf2 Re2 33. Rc2 Qf5 34.
Rxe2 Rxe2 35. Qxe2 Qxb1+ 36. Kh2 a3 37. Bd4 Qf5 38. g3 h5 39. Kg2 Bg7 40. Bxg7
Kxg7 41. d6 Qf6 42. d7 Qc6+ 43. Qf3 Qxd7 44. Qxa3 Qc6+ 45. Kh2 Qxc4 46. Qb2+
Kf8 47. h4 Ke7 48. Qe5+ Kd7 49. Qf6 Qc2+ 50. Kg1 Qf5 51. Qd4+ Ke6 52. Kh2 Qd5
53. Qe3+ Kf6 54. Qf4+ Qf5 55. Qd4+ Qe5 56. Qf2+ Kg7 57. Qd2 Qc5 58. Qb2+ Kf8
59. Qf6 Qc2+ 60. Kg1 Qd1+ 61. Kh2 Qd5 62. Kg1 Ke8 63. Kh2 Kd7 64. Kg1 Qe6 65.
Qd4+ Kc6 66. Qc3+ Kb5 67. Kh2 Qe2+ 68. Kg1 Qc4 69. Qb2+ Kc5 70. Qe5+ Kc6 71.
Kh2 Qc2+ 72. Kh1 Qf2 73. Qe8+ Kd6 74. Qe4 Kc5 75. Qe5+ Kc4 76. Qd6 Kc3 77. Qa3+
Kd2 78. Qa2+ Ke3 79. Qa7+ Ke2 80. Qa2+ Kf1 81. Qa1+ Qe1 82. Qf6+ Qf2 83. Qa1+
1/2-1/2

[Event "M.Chigorin Memorial"]
[Site "St. Petersburg RUS"]
[Date "2009.10.21"]
[Round "6.27"]
[White "Yemelin, Vasily"]
[Black "Tunik, Gennady"]
[Result "1-0"]
[WhiteElo "2570"]
[BlackElo "2493"]
[PlyCount "129"]
[EventDate "2009.??.??"]

1. d4 Nf6 2. c4 e6 3. Nf3 b6 4. Nc3 Bb4 5. Bg5 h6 6. Bh4 g5 7. Bg3 Ne4 8. Rc1
Bxc3+ 9. bxc3 d6 10. Nd2 Nxg3 11. hxg3 Nd7 12. e4 Bb7 13. Bd3 Qe7 14. Nf1 Nf6
15. f3 g4 16. Qa4+ Nd7 17. f4 f5 18. exf5 e5 19. Kf2 O-O-O 20. Re1 Kb8 21. c5
bxc5 22. dxe5 dxe5 23. Be4 Nb6 24. Qb5 Qf7 25. Bxb7 Kxb7 26. Rxe5 Qxa2+ 27. Qe2
Qa3 28. Qxg4 Rd3 29. Re3 Rxe3 30. Nxe3 Qxc3 31. Qf3+ Kb8 32. Rd1 a5 33. Ng4
Qc2+ 34. Kg1 a4 35. Ne5 Ka7 36. f6 Rf8 37. f7 Ka6 38. Kh2 c4 39. Qf1 Qe4 40.
Re1 Qd5 41. Rd1 Qe4 42. Qf2 Qf5 43. g4 Qe6 44. Qc5 Rxf7 45. Nxf7 Qxf7 46. Kg3
Kb7 47. Re1 Qd7 48. Re7 Qd8 49. Re6 Qd7 50. Rxh6 Qd3+ 51. Kh2 Qe4 52. Kg3 Qd3+
53. Kh4 Qe4 54. g3 Qf3 55. Kg5 a3 56. Rh7 Qd5+ 57. Qxd5+ Nxd5 58. f5 Nc3 59.
Rh1 Ne4+ 60. Kg6 Nf2 61. Ra1 Nxg4 62. Rxa3 Kc6 63. f6 Ne5+ 64. Kg7 Kd5 65. f7
1-0

[Event "M.Chigorin Memorial"]
[Site "St. Petersburg RUS"]
[Date "2009.10.21"]
[Round "6.28"]
[White "Melkumyan, Hrant"]
[Black "Rozum, Ivan"]
[Result "1-0"]
[WhiteElo "2569"]
[BlackElo "2457"]
[PlyCount "81"]
[EventDate "2009.??.??"]

1. d4 Nf6 2. c4 g6 3. Nc3 Bg7 4. g3 O-O 5. Bg2 d6 6. Nf3 Nc6 7. O-O a6 8. d5
Na5 9. Nd2 c5 10. Rb1 Bf5 11. e4 Bd7 12. b3 b5 13. Bb2 Rb8 14. Qc2 e5 15. Ne2
h5 16. Bc3 h4 17. f4 Ng4 18. Qd3 hxg3 19. hxg3 bxc4 20. bxc4 Rb4 21. Bf3 Ra4
22. Nc1 Qe7 23. Rb6 Ra3 24. Bxg4 Bxg4 25. Ndb3 Nxb3 26. axb3 Bh3 27. Rf3 f5 28.
fxe5 Bxe5 29. exf5 Qf6 30. Bxe5 Qxe5 31. Qe3 Qd4 32. Rxd6 Bxf5 33. Qxd4 cxd4
34. Kf2 Ra1 35. g4 Bc2 36. Rxf8+ Kxf8 37. Ke2 g5 38. Kd2 Bh7 39. Rh6 Kg7 40.
Rxh7+ Kxh7 41. d6 1-0

[Event "M.Chigorin Memorial"]
[Site "St. Petersburg RUS"]
[Date "2009.10.21"]
[Round "6.29"]
[White "Levin, Evgeny A"]
[Black "Shomoev, Anton"]
[Result "1-0"]
[WhiteElo "2450"]
[BlackElo "2566"]
[PlyCount "107"]
[EventDate "2009.??.??"]

1. d4 Nf6 2. c4 g6 3. Nc3 Bg7 4. e4 d6 5. Nf3 O-O 6. Be2 e5 7. O-O Nc6 8. d5
Ne7 9. Ne1 Nd7 10. f3 f5 11. g4 Kh8 12. g5 h6 13. h4 f4 14. Rf2 Kg8 15. Nd3 Kf7
16. c5 a6 17. Qb3 Rh8 18. c6 Nb6 19. cxb7 Bxb7 20. Bd2 hxg5 21. hxg5 Bc8 22.
Bf1 Ng8 23. Rc1 Qxg5+ 24. Rg2 Qh5 25. Nf2 Bf6 26. Ncd1 Bd8 27. Ba5 Nf6 28. Rc6
Ne8 29. Rc1 Bd7 30. Qd3 Ra7 31. Rc2 Bh4 32. Be2 Bg3 33. Kf1 Qg5 34. Kg1 Rh2 35.
Rxh2 Bxh2+ 36. Kxh2 Qg3+ 37. Kh1 Ra8 38. Ng4 Nf6 39. Nh2 Bh3 40. Bf1 Rh8 41.
Bxh3 Qxh3 42. Rg2 Qd7 43. Bxb6 cxb6 44. Qxa6 Qc7 45. Nc3 Nh5 46. Qb5 Ng3+ 47.
Kg1 Qa7 48. Ne2 Qc7 49. Qc6 Qa7 50. Nxg3 b5+ 51. Kh1 fxg3 52. Rxg3 Ke7 53. Qc1
Kd7 54. Rxg6 1-0